000 00875nam a2200253 a 4500
001 000021001
005 20260417182716.0
008 100828s2002 ve 000 0 spa d
020 _a9802763489
040 _aDO-SdBNP
_bspa
_cBNPHU
082 _a860.5
_bU54a
100 1 _aUnamuno, Miguel de,
_c1864-1936
_96254
245 1 0 _aAmericanidad /
_cMiguel de Unamuno ; selección y prólogo de Nelson R. Orringer.
260 _aCaracas, Venezuela :
_bBiblioteca Acayucho,
_c2002.
300 _a190, [2] p. ;
_c21 cm.
490 1 _aLa expresión americana
_v24
504 _aIncluye referencias bibliográficas y notas al pie de las páginas.
650 0 _aLiteratura hispanoamericana
_9318
650 4 _aAutores latinoamericanos
_943953
700 1 _aOrringer, Nelson R.,
_epról.
_915636
830 3 _aLa expresión americana ;
_v24
_943954
910 _aWM
049 _aBNGR
999 _c20504
_d20504